000 01738nam a2200397Ia 4500
001 ebr10005588
003 CaPaEBR
006 m u
007 cr cn|||||||||
008 000922s2001 ctu sb 001 0 eng d
010 _z 00049088
020 _z0313317666 (v. 2 : alk. paper)
020 _z0313319170 (set : alk. paper)
040 _aCaPaEBR
_cCaPaEBR
035 _a(OCoLC)614714182
050 1 4 _aHT395.D44
_bN48 2001eb
082 0 4 _a338.9
_221
245 0 0 _aNew regions--concepts, issues, and practices
_h[electronic resource] /
_cedited by David W. Edgington, Antonio L. Fernandez, and Claudia Hoshino.
260 _aWestport, CT :
_bGreenwood Press ;
_a[Nagoya, Japan] :
_bUnited Nations Centre for Regional Development,
_c2001.
300 _a[v]-xii, [4]-247 p.
490 1 _aNew Regional development paradigms ;
_vv. 2
490 1 _aContributions in economics and economic history,
_x0084-9235
504 _aIncludes bibliographical references and index.
533 _aElectronic reproduction.
_bPalo Alto, Calif. :
_cebrary,
_d2011.
_nAvailable via World Wide Web.
_nAccess may be limited to ebrary affiliated libraries.
650 0 _aGlobalization.
650 0 _aRegional planning
_zDeveloping countries.
650 0 _aSustainable development.
655 7 _aElectronic books.
_2local
700 1 _aEdgington, David W.
_q(David William),
_d1933-
700 1 _aFernandez, Antonio L.
700 1 _aHoshino, Claudia.
710 2 _aebrary, Inc.
830 0 _aNew Regional development paradigms ;
_vv. 2.
830 0 _aContributions in economics and economic history.
856 4 0 _uhttp://site.ebrary.com/lib/rucke/Doc?id=10005588
_zAn electronic book accessible through the World Wide Web; click to view
999 _c3329
_d3329